Island Nations A-Z Quiz Stats

 Plays Quiz Updated May 22, 2016

Challenge
Share
Tweet
Embed
Score 0/17 Timer 02:00
10 Plays Today
Letter Island Nation % Correct
MMadagascar, Maldives, Malta, Marshall Islands, Mauritius, Micronesia
92.7%
JJamaica, Japan
91.8%
CCabo Verde, Comoros, Cuba, Cyprus
90.8%
SSaint Lucia, Samoa, São Tomé and Príncipe, Seychelles, Singapore, Solomon Islands, Sri Lanka, St. Kitts and Nevis, St. Vincent and the Grenadines
90%
IIceland, Indonesia, Ireland
88.9%
BBahamas, Bahrain, Barbados, Brunei
88.8%
TTaiwan, Timor Leste, Tonga, Trinidad and Tobago, Tuvalu
87.1%
NNauru, New Zealand
83.7%
PPalau, Papua New Guinea, Philippines
83.7%
Letter Island Nation % Correct
HHaiti
82%
FFiji
81%
VVanuatu
79.3%
DDominica, Dominican Republic
78.4%
AAntigua and Barbuda
71.7%
KKiribati
70.7%
GGrenada
65.2%
UUnited Kingdom
54.4%

You're not logged in!

Compare scores with friends on all Sporcle quizzes.
Join for Free
OR
Log In

You Might Also Like...

Show Comments

Extras

Top Quizzes Today


Score Distribution

Your Account Isn't Verified!

In order to create a playlist on Sporcle, you need to verify the email address you used during registration. Go to your Sporcle Settings to finish the process.

Report this User

Report this user for behavior that violates our Community Guidelines.

Details: